000 00701nas a2200229 4500
001 BR8707339
003 BR-BrBNA
005 20231205090925.0
007 ta
008 230509b bl.|||p| |||| 00| 00por d
040 _aBR-BrBNA
_bpor
_cBiblioteca Nacional de Agricultura
041 _a(Pt)
072 _aF01
100 1 _aLopes Filho, F.
245 1 _aAs potencialidades do vale do Sao Francisco para o cultivo de hortalicas
650 _aHORTALICA
650 _aPRATICA CULTURAL
650 _aVALE DO SAO FRANCISCO
773 0 _tHorticultura Brasileira (Brazil)
_xISSN 0102-0536
_g(May 1987), v. 5(1) p. 41-42
_wBR8707339
909 _a202311
_bLúcia
_c55
_dLúcia Elande
942 _2AGRIS
_n0
_cANA
999 _c121657
_d121657